[Event "DEM U18w 2023"]
[Site "Willingen GER"]
[Date "2023.05.31"]
[Round "5"]
[White "Gröschel, Karoline"]
[Black "Albayrak, Nese Pinar"]
[Result "1/2-1/2"]
[Termination "normal"]
[Board "1"]
[WhiteElo "1892"]
[BlackElo "1763"]
[WhiteClock "00:13:43"]
[BlackClock "00:04:31"]
[PlyCount "59"]
[WhiteFideId "34610537"]
[BlackFideId "16255259"]
[EventCountry "GER"]
[EventRounds "9"]
[EventType "swiss"]
[EventDate "2023.05.27"]

1. e4 {[%clk 01:30:58]} {[%emt 00:00:03]} e5 {[%clk 01:30:54]} {[%emt
00:00:05]} 2. Nf3 {[%clk 01:31:25]} {[%emt 00:00:03]} Nc6 {[%clk 01:31:19]}
{[%emt 00:00:04]} 3. Bb5 {[%clk 01:31:53]} {[%emt 00:00:03]} a6 {[%clk
01:31:43]} {[%emt 00:00:07]} 4. Ba4 {[%clk 01:32:21]} {[%emt 00:00:02]} Nf6
{[%clk 01:32:06]} {[%emt 00:00:06]} 5. O-O {[%clk 01:32:47]} {[%emt 00:00:04]}
Be7 {[%clk 01:32:25]} {[%emt 00:00:11]} 6. Re1 {[%clk 01:33:14]} {[%emt
00:00:03]} b5 {[%clk 01:32:49]} {[%emt 00:00:05]} 7. Bb3 {[%clk 01:33:42]}
{[%emt 00:00:03]} O-O {[%clk 01:33:10]} {[%emt 00:00:08]} 8. a4 {[%clk
01:34:09]} {[%emt 00:00:03]} Bb7 {[%clk 01:32:34]} {[%emt 00:01:06]} 9. d3
{[%clk 01:34:33]} {[%emt 00:00:06]} d6 {[%clk 01:32:34]} {[%emt 00:00:29]} 10.
h3 {[%clk 01:34:58]} {[%emt 00:00:05]} Na5 {[%clk 01:30:33]} {[%emt 00:02:31]}
11. Ba2 {[%clk 01:35:23]} {[%emt 00:00:05]} b4 {[%clk 01:25:51]} {[%emt
00:05:12]} 12. Nbd2 {[%clk 01:35:49]} {[%emt 00:00:05]} c5 {[%clk 01:19:59]}
{[%emt 00:06:22]} 13. c3 {[%clk 01:36:07]} {[%emt 00:00:12]} Rb8 {[%clk
01:15:24]} {[%emt 00:05:03]} 14. Nc4 {[%clk 01:21:28]} {[%emt 00:15:10]} Ba8
{[%clk 01:09:12]} {[%emt 00:06:42]} 15. Nh2 {[%clk 01:05:25]} {[%emt 00:16:32]}
Qc7 {[%clk 01:04:30]} {[%emt 00:05:14]} 16. Nf1 {[%clk 00:55:59]} {[%emt
00:09:55]} Rfd8 {[%clk 01:00:35]} {[%emt 00:04:25]} 17. Nfe3 {[%clk 00:44:38]}
{[%emt 00:11:51]} d5 {[%clk 00:44:09]} {[%emt 00:16:56]} 18. Nxd5 {[%clk
00:38:55]} {[%emt 00:06:13]} Nxd5 {[%clk 00:37:09]} {[%emt 00:07:30]} 19. exd5
{[%clk 00:38:42]} {[%emt 00:00:43]} Bxd5 {[%clk 00:34:38]} {[%emt 00:03:01]}
20. Nxa5 {[%clk 00:36:21]} {[%emt 00:02:51]} Bxa2 {[%clk 00:29:41]} {[%emt
00:05:27]} 21. Rxa2 {[%clk 00:35:43]} {[%emt 00:01:08]} Qxa5 {[%clk 00:29:54]}
{[%emt 00:00:17]} 22. Rxe5 {[%clk 00:33:20]} {[%emt 00:02:53]} Bf6 {[%clk
00:28:02]} {[%emt 00:02:21]} 23. cxb4 {[%clk 00:30:48]} {[%emt 00:03:02]} Qxb4
{[%clk 00:25:16]} {[%emt 00:03:16]} 24. Re2 {[%clk 00:24:40]} {[%emt 00:06:38]}
c4 {[%clk 00:20:15]} {[%emt 00:05:32]} 25. Bd2 {[%clk 00:17:11]} {[%emt
00:07:59]} Rxd3 {[%clk 00:09:23]} {[%emt 00:11:23]} 26. Qe1 {[%clk 00:17:25]}
{[%emt 00:00:15]} Qf8 {[%clk 00:08:56]} {[%emt 00:00:57]} 27. Bc3 {[%clk
00:14:44]} {[%emt 00:03:12]} Bxc3 {[%clk 00:05:57]} {[%emt 00:03:29]} 28. bxc3
{[%clk 00:14:42]} {[%emt 00:00:32]} Rbd8 {[%clk 00:05:25]} {[%emt 00:01:01]}
29. Ra1 {[%clk 00:15:04]} {[%emt 00:00:09]} h6 {[%clk 00:04:31]} {[%emt
00:01:23]} 30. Rb1 {[%clk 00:13:43]} {[%emt 00:01:49]} 1/2-1/2

[Event "DEM U18w 2023"]
[Site "Willingen GER"]
[Date "2023.05.31"]
[Round "5"]
[White "Buchholz, Maja"]
[Black "Heutling, Elina"]
[Result "0-1"]
[Termination "normal"]
[Board "2"]
[WhiteElo "1899"]
[BlackElo "1878"]
[WhiteClock "00:28:08"]
[BlackClock "00:29:48"]
[PlyCount "82"]
[WhiteFideId "16200500"]
[BlackFideId "16244729"]
[EventCountry "GER"]
[EventRounds "9"]
[EventType "swiss"]
[EventDate "2023.05.27"]

1. e4 {[%clk 01:30:57]} {[%emt 00:00:04]} e5 {[%clk 01:30:56]} {[%emt
00:00:04]} 2. Nf3 {[%clk 01:31:20]} {[%emt 00:00:07]} Nc6 {[%clk 01:31:18]}
{[%emt 00:00:08]} 3. Bc4 {[%clk 01:31:41]} {[%emt 00:00:08]} Nf6 {[%clk
01:31:38]} {[%emt 00:00:10]} 4. d3 {[%clk 01:32:03]} {[%emt 00:00:08]} Be7
{[%clk 01:31:49]} {[%emt 00:00:19]} 5. c3 {[%clk 01:28:38]} {[%emt 00:03:55]}
O-O {[%clk 01:30:16]} {[%emt 00:02:02]} 6. O-O {[%clk 01:27:34]} {[%emt
00:01:33]} d6 {[%clk 01:29:50]} {[%emt 00:00:57]} 7. Re1 {[%clk 01:25:47]}
{[%emt 00:02:17]} Na5 {[%clk 01:29:12]} {[%emt 00:01:07]} 8. Bb5 {[%clk
01:22:34]} {[%emt 00:03:53]} a6 {[%clk 01:29:16]} {[%emt 00:00:17]} 9. Ba4
{[%clk 01:22:42]} {[%emt 00:00:22]} b5 {[%clk 01:29:39]} {[%emt 00:00:07]} 10.
Bc2 {[%clk 01:22:51]} {[%emt 00:00:21]} c5 {[%clk 01:30:01]} {[%emt 00:00:07]}
11. Nbd2 {[%clk 01:22:05]} {[%emt 00:01:16]} h6 {[%clk 01:17:32]} {[%emt
00:12:59]} 12. Nf1 {[%clk 01:19:19]} {[%emt 00:03:16]} Qc7 {[%clk 01:08:13]}
{[%emt 00:09:49]} 13. Ne3 {[%clk 01:11:11]} {[%emt 00:08:38]} Be6 {[%clk
01:00:56]} {[%emt 00:07:48]} 14. Qe2 {[%clk 00:59:41]} {[%emt 00:12:00]} Nc6
{[%clk 00:54:46]} {[%emt 00:06:40]} 15. Bb3 {[%clk 00:53:10]} {[%emt 00:07:00]}
Rfe8 {[%clk 00:48:25]} {[%emt 00:06:51]} 16. Bd5 {[%clk 00:48:24]} {[%emt
00:05:16]} Bf8 {[%clk 00:45:57]} {[%emt 00:02:58]} 17. Nh4 {[%clk 00:38:34]}
{[%emt 00:10:19]} Bxd5 {[%clk 00:42:24]} {[%emt 00:04:03]} 18. Nxd5 {[%clk
00:28:23]} {[%emt 00:10:41]} Nxd5 {[%clk 00:41:44]} {[%emt 00:01:10]} 19. exd5
{[%clk 00:28:48]} {[%emt 00:00:05]} Ne7 {[%clk 00:38:36]} {[%emt 00:03:38]} 20.
c4 {[%clk 00:26:37]} {[%emt 00:02:42]} Qd7 {[%clk 00:29:38]} {[%emt 00:09:26]}
21. Kh1 {[%clk 00:17:12]} {[%emt 00:09:56]} g5 {[%clk 00:17:23]} {[%emt
00:12:45]} 22. Nf3 {[%clk 00:14:53]} {[%emt 00:02:49]} Ng6 {[%clk 00:14:24]}
{[%emt 00:03:29]} 23. h4 {[%clk 00:04:08]} {[%emt 00:11:15]} g4 {[%clk
00:11:51]} {[%emt 00:03:03]} 24. Nh2 {[%clk 00:04:01]} {[%emt 00:00:37]} f5
{[%clk 00:10:51]} {[%emt 00:01:29]} 25. g3 {[%clk 00:04:05]} {[%emt 00:00:27]}
e4 {[%clk 00:08:47]} {[%emt 00:02:34]} 26. Be3 {[%clk 00:02:56]} {[%emt
00:01:39]} Bg7 {[%clk 00:08:33]} {[%emt 00:00:44]} 27. Rab1 {[%clk 00:01:46]}
{[%emt 00:01:41]} exd3 {[%clk 00:08:36]} {[%emt 00:00:27]} 28. Qd2 {[%clk
00:01:19]} {[%emt 00:00:57]} h5 {[%clk 00:02:40]} {[%emt 00:06:25]} 29. cxb5
{[%clk 00:01:03]} {[%emt 00:00:46]} Qxb5 {[%clk 00:02:13]} {[%emt 00:00:58]}
30. Bh6 {[%clk 00:00:58]} {[%emt 00:00:34]} c4 {[%clk 00:01:57]} {[%emt
00:00:46]} 31. Qg5 {[%clk 00:01:07]} {[%emt 00:00:21]} Qxd5+ {[%clk 00:02:07]}
{[%emt 00:00:20]} 32. Kg1 {[%clk 00:01:22]} {[%emt 00:00:16]} Kh7 {[%clk
00:00:53]} {[%emt 00:01:43]} 33. Bxg7 {[%clk 00:01:22]} {[%emt 00:00:30]} Kxg7
{[%clk 00:01:20]} {[%emt 00:00:02]} 34. Nf1 {[%clk 00:01:00]} {[%emt 00:00:52]}
Re5 {[%clk 00:00:50]} {[%emt 00:01:01]} 35. Rxe5 {[%clk 00:00:53]} {[%emt
00:00:37]} Qxe5 {[%clk 00:01:03]} {[%emt 00:00:17]} 36. Ne3 {[%clk 00:01:13]}
{[%emt 00:00:09]} Rf8 {[%clk 00:00:59]} {[%emt 00:00:35]} 37. Nxc4 {[%clk
00:01:26]} {[%emt 00:00:17]} Qe2 {[%clk 00:00:51]} {[%emt 00:00:37]} 38. Ne3
{[%clk 00:01:20]} {[%emt 00:00:37]} d2 {[%clk 00:00:56]} {[%emt 00:00:25]} 39.
Rd1 {[%clk 00:01:40]} {[%emt 00:00:09]} f4 {[%clk 00:00:41]} {[%emt 00:00:45]}
40. gxf4 {[%clk 00:01:53]} {[%emt 00:00:18]} Rxf4 {[%clk 00:00:52]} {[%emt
00:00:18]} 41. Rf1 {[%clk 00:28:08]} {[%emt 00:04:15]} Qxe3 {[%clk 00:29:48]}
{[%emt 00:01:34]} 0-1

[Event "DEM U18w 2023"]
[Site "Willingen GER"]
[Date "2023.05.31"]
[Round "5"]
[White "Kalina, Lena"]
[Black "Wagner, Margarethe"]
[Result "0-1"]
[Termination "normal"]
[Board "3"]
[WhiteElo "1776"]
[BlackElo "1831"]
[WhiteClock "00:00:36"]
[BlackClock "00:12:46"]
[PlyCount "118"]
[WhiteFideId "12988014"]
[BlackFideId "16236947"]
[EventCountry "GER"]
[EventRounds "9"]
[EventType "swiss"]
[EventDate "2023.05.27"]

1. c4 {[%clk 01:30:57]} {[%emt 00:00:02]} e6 {[%clk 01:30:50]} {[%emt
00:00:10]} 2. Nc3 {[%clk 01:31:17]} {[%emt 00:00:11]} d5 {[%clk 01:31:07]}
{[%emt 00:00:13]} 3. d4 {[%clk 01:31:32]} {[%emt 00:00:15]} Nf6 {[%clk
01:31:29]} {[%emt 00:00:08]} 4. cxd5 {[%clk 01:31:48]} {[%emt 00:00:15]} exd5
{[%clk 01:31:50]} {[%emt 00:00:08]} 5. Bg5 {[%clk 01:32:04]} {[%emt 00:00:14]}
Bb4 {[%clk 01:32:06]} {[%emt 00:00:15]} 6. Qc2 {[%clk 01:30:06]} {[%emt
00:02:28]} h6 {[%clk 01:32:02]} {[%emt 00:00:34]} 7. Bh4 {[%clk 01:28:26]}
{[%emt 00:02:09]} g5 {[%clk 01:29:18]} {[%emt 00:03:14]} 8. Bg3 {[%clk
01:27:41]} {[%emt 00:01:15]} Ne4 {[%clk 01:28:51]} {[%emt 00:00:57]} 9. a3
{[%clk 01:25:50]} {[%emt 00:02:21]} Bxc3+ {[%clk 01:26:30]} {[%emt 00:02:51]}
10. bxc3 {[%clk 01:25:51]} {[%emt 00:00:30]} h5 {[%clk 01:17:42]} {[%emt
00:09:18]} 11. f3 {[%clk 01:17:03]} {[%emt 00:09:18]} Nxg3 {[%clk 01:15:20]}
{[%emt 00:02:52]} 12. hxg3 {[%clk 01:17:25]} {[%emt 00:00:08]} Qe7 {[%clk
01:15:33]} {[%emt 00:00:17]} 13. e4 {[%clk 01:08:13]} {[%emt 00:09:42]} dxe4
{[%clk 01:09:20]} {[%emt 00:06:43]} 14. Qxe4 {[%clk 01:02:51]} {[%emt
00:05:51]} c6 {[%emt 00:23:07]} 15. Qxe7+ {[%clk 00:59:10]} {[%emt 00:00:14]}
Kxe7 {[%clk 00:51:04]} {[%emt 00:00:07]} 16. g4 {[%clk 00:55:05]} {[%emt
00:04:35]} h4 {[%clk 00:49:30]} {[%emt 00:02:03]} 17. Bd3 {[%clk 00:52:35]}
{[%emt 00:03:00]} Be6 {[%clk 00:44:13]} {[%emt 00:05:48]} 18. Kd2 {[%clk
00:47:58]} {[%emt 00:05:06]} Nd7 {[%clk 00:40:30]} {[%emt 00:04:13]} 19. Nh3
{[%clk 00:45:56]} {[%emt 00:02:32]} Rhg8 {[%clk 00:34:12]} {[%emt 00:06:48]}
20. Rhe1 {[%clk 00:42:44]} {[%emt 00:03:42]} Kd6 {[%clk 00:29:27]} {[%emt
00:05:16]} 21. c4 {[%clk 00:34:00]} {[%emt 00:09:14]} b6 {[%clk 00:27:47]}
{[%emt 00:02:10]} 22. Kc3 {[%clk 00:32:20]} {[%emt 00:02:09]} Rae8 {[%clk
00:20:13]} {[%emt 00:08:04]} 23. Re2 {[%clk 00:28:54]} {[%emt 00:03:57]} f6
{[%clk 00:14:09]} {[%emt 00:06:34]} 24. Nf2 {[%clk 00:23:58]} {[%emt 00:05:26]}
Kc7 {[%clk 00:12:37]} {[%emt 00:02:02]} 25. a4 {[%clk 00:20:02]} {[%emt
00:04:26]} Bf7 {[%clk 00:12:03]} {[%emt 00:01:04]} 26. Rxe8 {[%clk 00:17:51]}
{[%emt 00:02:41]} Rxe8 {[%clk 00:12:20]} {[%emt 00:00:13]} 27. Be4 {[%clk
00:17:35]} {[%emt 00:00:45]} a5 {[%clk 00:10:52]} {[%emt 00:02:00]} 28. Rb1
{[%clk 00:13:35]} {[%emt 00:04:30]} Nf8 {[%clk 00:08:50]} {[%emt 00:02:32]} 29.
Nd3 {[%clk 00:09:14]} {[%emt 00:04:50]} Bg6 {[%clk 00:09:09]} {[%emt 00:00:11]}
30. Re1 {[%clk 00:08:46]} {[%emt 00:00:57]} Bf7 {[%clk 00:07:18]} {[%emt
00:02:21]} 31. Rd1 {[%clk 00:04:43]} {[%emt 00:04:33]} Bg6 {[%clk 00:06:51]}
{[%emt 00:00:57]} 32. Nf2 {[%clk 00:03:16]} {[%emt 00:01:57]} Bf7 {[%clk
00:06:56]} {[%emt 00:00:25]} 33. Nd3 {[%clk 00:01:43]} {[%emt 00:02:03]} Bg6
{[%clk 00:07:18]} {[%emt 00:00:07]} 34. Nf2 {[%clk 00:02:10]} {[%emt 00:00:03]}
Bf7 {[%clk 00:07:24]} {[%emt 00:00:24]} 35. Rd2 {[%clk 00:01:07]} {[%emt
00:01:34]} Ne6 {[%clk 00:04:43]} {[%emt 00:03:11]} 36. Nd1 {[%clk 00:00:42]}
{[%emt 00:00:54]} Nf4 {[%clk 00:04:13]} {[%emt 00:01:00]} 37. d5 {[%clk
00:00:40]} {[%emt 00:00:33]} c5 {[%clk 00:01:38]} {[%emt 00:03:06]} 38. Ne3
{[%clk 00:00:44]} {[%emt 00:00:25]} Bg6 {[%clk 00:01:49]} {[%emt 00:00:19]} 39.
Nf5 {[%clk 00:00:39]} {[%emt 00:00:34]} Bxf5 {[%clk 00:01:48]} {[%emt
00:00:31]} 40. Bxf5 {[%clk 00:00:38]} {[%emt 00:00:32]} Re3+ {[%clk 00:01:50]}
{[%emt 00:00:27]} 41. Kb2 {[%clk 00:23:33]} {[%emt 00:07:35]} Kd6 {[%clk
00:30:35]} {[%emt 00:01:45]} 42. Be4 {[%clk 00:12:57]} {[%emt 00:11:06]} Re1
{[%clk 00:28:39]} {[%emt 00:02:26]} 43. Kc3 {[%clk 00:12:26]} {[%emt 00:01:01]}
Rc1+ {[%clk 00:28:38]} {[%emt 00:00:31]} 44. Bc2 {[%clk 00:10:19]} {[%emt
00:02:37]} Rg1 {[%clk 00:25:15]} {[%emt 00:03:53]} 45. Bd3 {[%clk 00:09:14]}
{[%emt 00:01:35]} Nxg2 {[%clk 00:17:46]} {[%emt 00:08:00]} 46. Re2 {[%clk
00:04:06]} {[%emt 00:05:38]} Nf4 {[%clk 00:14:59]} {[%emt 00:03:17]} 47. Re8
{[%clk 00:02:11]} {[%emt 00:02:25]} h3 {[%clk 00:12:14]} {[%emt 00:03:15]} 48.
Rh8 {[%clk 00:02:09]} {[%emt 00:00:31]} Ra1 {[%clk 00:12:24]} {[%emt 00:00:21]}
49. Bc2 {[%clk 00:02:01]} {[%emt 00:00:38]} Re1 {[%clk 00:11:14]} {[%emt
00:01:40]} 50. Be4 {[%clk 00:01:31]} {[%emt 00:00:59]} Re3+ {[%clk 00:11:05]}
{[%emt 00:00:39]} 51. Kd2 {[%clk 00:01:35]} {[%emt 00:00:26]} Re2+ {[%clk
00:11:17]} {[%emt 00:00:19]} 52. Kd1 {[%clk 00:01:58]} {[%emt 00:00:06]} h2
{[%clk 00:11:28]} {[%emt 00:00:19]} 53. Rh6 {[%clk 00:01:23]} {[%emt 00:01:04]}
Rg2 {[%clk 00:11:20]} {[%emt 00:00:39]} 54. Rxf6+ {[%clk 00:01:15]} {[%emt
00:00:38]} Ke7 {[%clk 00:11:43]} {[%emt 00:00:06]} 55. Rh6 {[%clk 00:00:53]}
{[%emt 00:00:52]} Rg1+ {[%clk 00:11:59]} {[%emt 00:00:14]} 56. Kd2 {[%clk
00:01:15]} {[%emt 00:00:08]} h1=Q {[%clk 00:12:21]} {[%emt 00:00:07]} 57. d6+
{[%clk 00:00:59]} {[%emt 00:00:47]} Kd8 {[%clk 00:12:42]} {[%emt 00:00:09]} 58.
Rxh1 {[%clk 00:01:06]} {[%emt 00:00:23]} Rxh1 {[%clk 00:13:04]} {[%emt
00:00:08]} 59. Bf5 {[%clk 00:00:36]} {[%emt 00:01:00]} Ra1 {[%clk 00:12:46]}
{[%emt 00:00:47]} 0-1

[Event "DEM U18w 2023"]
[Site "Willingen GER"]
[Date "2023.05.31"]
[Round "5"]
[White "Reuter, Elisa"]
[Black "Adelhardt, Lisa"]
[Result "1/2-1/2"]
[Termination "normal"]
[Board "5"]
[WhiteTitle "WCM"]
[WhiteElo "1944"]
[BlackElo "1656"]
[WhiteClock "00:26:49"]
[BlackClock "00:45:15"]
[PlyCount "45"]
[WhiteFideId "12995444"]
[BlackFideId "16235380"]
[EventCountry "GER"]
[EventRounds "9"]
[EventType "swiss"]
[EventDate "2023.05.27"]

1. e4 {[%clk 01:30:59]} c5 {[%clk 01:30:56]} {[%emt 00:00:04]} 2. Nf3 {[%clk
01:31:24]} {[%emt 00:00:05]} e6 {[%clk 01:31:08]} {[%emt 00:00:18]} 3. d4
{[%clk 01:31:48]} {[%emt 00:00:07]} cxd4 {[%clk 01:31:29]} {[%emt 00:00:08]} 4.
Nxd4 {[%clk 01:32:14]} {[%emt 00:00:05]} Nf6 {[%clk 01:31:19]} {[%emt
00:00:40]} 5. Bd3 {[%clk 01:32:14]} {[%emt 00:00:30]} Nc6 {[%clk 01:31:33]}
{[%emt 00:00:16]} 6. Nxc6 {[%clk 01:28:00]} {[%emt 00:04:44]} bxc6 {[%clk
01:31:52]} {[%emt 00:00:10]} 7. Qe2 {[%clk 01:26:51]} {[%emt 00:01:40]} d5
{[%clk 01:29:24]} {[%emt 00:02:57]} 8. Nd2 {[%clk 01:21:23]} {[%emt 00:05:59]}
Bc5 {[%clk 01:16:08]} {[%emt 00:13:46]} 9. O-O {[%clk 01:19:10]} {[%emt
00:02:43]} O-O {[%clk 01:14:56]} {[%emt 00:01:43]} 10. Nb3 {[%clk 01:08:32]}
{[%emt 00:11:08]} Bb6 {[%clk 01:14:34]} {[%emt 00:00:51]} 11. Bg5 {[%clk
01:06:05]} {[%emt 00:02:57]} Qc7 {[%clk 01:04:38]} {[%emt 00:10:27]} 12. Bxf6
{[%clk 00:55:04]} {[%emt 00:11:31]} gxf6 {[%clk 01:04:53]} {[%emt 00:00:14]}
13. Qg4+ {[%clk 00:47:42]} {[%emt 00:07:53]} Kh8 {[%clk 01:05:08]} {[%emt
00:00:14]} 14. Qh4 {[%clk 00:47:58]} {[%emt 00:00:14]} Qe5 {[%clk 01:04:28]}
{[%emt 00:01:11]} 15. exd5 {[%clk 00:41:28]} {[%emt 00:06:59]} f5 {[%clk
01:01:40]} {[%emt 00:03:19]} 16. dxe6 {[%clk 00:39:28]} {[%emt 00:02:29]} fxe6
{[%clk 01:00:28]} {[%emt 00:01:42]} 17. c3 {[%clk 00:28:30]} {[%emt 00:11:28]}
Rg8 {[%clk 00:52:09]} {[%emt 00:08:49]} 18. Rfe1 {[%clk 00:25:27]} {[%emt
00:03:34]} Qd5 {[%clk 00:44:36]} {[%emt 00:08:02]} 19. Qf6+ {[%clk 00:25:08]}
{[%emt 00:00:48]} Rg7 {[%clk 00:44:17]} {[%emt 00:00:50]} 20. Qf8+ {[%clk
00:25:32]} {[%emt 00:00:06]} Rg8 {[%clk 00:44:38]} {[%emt 00:00:10]} 21. Qf6+
{[%clk 00:25:59]} {[%emt 00:00:02]} Rg7 {[%clk 00:45:03]} {[%emt 00:00:05]} 22.
Qf8+ {[%clk 00:26:23]} {[%emt 00:00:06]} Rg8 {[%clk 00:45:15]} {[%emt
00:00:18]} 23. Qf6+ {[%clk 00:26:49]} {[%emt 00:00:04]} 1/2-1/2

[Event "DEM U18w 2023"]
[Site "Willingen GER"]
[Date "2023.05.31"]
[Round "5"]
[White "Zöllner, Bente"]
[Black "Doll, Rebecca"]
[Result "1/2-1/2"]
[Termination "normal"]
[Board "6"]
[WhiteElo "1700"]
[BlackElo "1918"]
[WhiteClock "00:41:20"]
[BlackClock "00:23:46"]
[PlyCount "85"]
[WhiteFideId "16230523"]
[BlackFideId "16236890"]
[EventCountry "GER"]
[EventRounds "9"]
[EventType "swiss"]
[EventDate "2023.05.27"]

1. d4 {[%clk 01:30:58]} d5 {[%clk 01:30:56]} {[%emt 00:00:04]} 2. c4 {[%clk
01:31:21]} {[%emt 00:00:07]} e6 {[%clk 01:31:23]} {[%emt 00:00:04]} 3. Nc3
{[%clk 01:31:39]} {[%emt 00:00:11]} Nf6 {[%clk 01:31:46]} {[%emt 00:00:07]} 4.
cxd5 {[%clk 01:31:33]} {[%emt 00:00:35]} exd5 {[%clk 01:32:10]} {[%emt
00:00:07]} 5. Bg5 {[%clk 01:31:54]} {[%emt 00:00:08]} Nbd7 {[%clk 01:32:15]}
{[%emt 00:00:26]} 6. e3 {[%clk 01:32:00]} {[%emt 00:00:23]} Be7 {[%clk
01:32:14]} {[%emt 00:00:32]} 7. Bd3 {[%clk 01:32:08]} {[%emt 00:00:21]} c6
{[%clk 01:32:20]} {[%emt 00:00:25]} 8. Nge2 {[%clk 01:31:59]} {[%emt 00:00:38]}
O-O {[%clk 01:32:24]} {[%emt 00:00:27]} 9. Qc2 {[%clk 01:31:34]} {[%emt
00:00:55]} Re8 {[%clk 01:32:29]} {[%emt 00:00:25]} 10. O-O {[%clk 01:31:10]}
{[%emt 00:00:53]} Nf8 {[%clk 01:32:15]} {[%emt 00:00:45]} 11. a3 {[%clk
01:29:04]} {[%emt 00:02:37]} b5 {[%clk 01:17:42]} {[%emt 00:15:02]} 12. Kh1
{[%clk 01:20:50]} {[%emt 00:08:45]} g6 {[%clk 01:12:32]} {[%emt 00:05:40]} 13.
f3 {[%clk 01:15:38]} {[%emt 00:05:41]} Ne6 {[%clk 01:12:37]} {[%emt 00:00:25]}
14. Bh4 {[%clk 01:15:20]} {[%emt 00:00:47]} Bb7 {[%clk 01:10:32]} {[%emt
00:02:36]} 15. Rad1 {[%clk 01:14:03]} {[%emt 00:01:46]} Rc8 {[%clk 00:59:56]}
{[%emt 00:11:07]} 16. b4 {[%clk 01:10:57]} {[%emt 00:03:36]} a5 {[%clk
00:59:32]} {[%emt 00:00:54]} 17. Qb3 {[%clk 01:10:06]} {[%emt 00:01:21]} axb4
{[%clk 00:48:05]} {[%emt 00:11:57]} 18. axb4 {[%clk 01:10:17]} {[%emt
00:00:19]} Ra8 {[%clk 00:47:09]} {[%emt 00:01:27]} 19. Ra1 {[%clk 01:07:06]}
{[%emt 00:03:58]} Qd6 {[%clk 00:44:28]} {[%emt 00:02:54]} 20. Rxa8 {[%clk
01:03:56]} {[%emt 00:03:40]} Rxa8 {[%clk 00:44:18]} {[%emt 00:00:40]} 21. Rb1
{[%clk 01:03:55]} {[%emt 00:00:31]} Kg7 {[%clk 00:41:33]} {[%emt 00:03:15]} 22.
Bg3 {[%clk 01:01:54]} {[%emt 00:02:30]} Qd8 {[%clk 00:39:50]} {[%emt 00:02:15]}
23. Be5 {[%clk 01:00:35]} {[%emt 00:01:47]} Bd6 {[%clk 00:36:31]} {[%emt
00:03:50]} 24. e4 {[%clk 00:56:04]} {[%emt 00:05:01]} dxe4 {[%clk 00:36:12]}
{[%emt 00:00:48]} 25. Nxe4 {[%clk 00:55:08]} {[%emt 00:01:27]} Bxe5 {[%clk
00:35:51]} {[%emt 00:00:51]} 26. dxe5 {[%clk 00:55:06]} {[%emt 00:00:31]} Nxe4
{[%clk 00:31:57]} {[%emt 00:04:24]} 27. Bxe4 {[%clk 00:53:34]} {[%emt
00:02:02]} Qd2 {[%clk 00:28:11]} {[%emt 00:04:16]} 28. Qd3 {[%clk 00:51:54]}
{[%emt 00:02:10]} Rd8 {[%clk 00:22:03]} {[%emt 00:06:38]} 29. Qxd2 {[%clk
00:50:32]} {[%emt 00:01:53]} Rxd2 {[%clk 00:22:28]} {[%emt 00:00:04]} 30. Nc3
{[%clk 00:48:39]} {[%emt 00:02:23]} Nd4 {[%clk 00:22:35]} {[%emt 00:00:23]} 31.
Rd1 {[%clk 00:46:19]} {[%emt 00:02:51]} Rxd1+ {[%clk 00:19:45]} {[%emt
00:03:19]} 32. Nxd1 {[%clk 00:44:53]} {[%emt 00:01:56]} Bc8 {[%clk 00:15:13]}
{[%emt 00:05:03]} 33. Kg1 {[%clk 00:44:01]} {[%emt 00:01:22]} Bf5 {[%clk
00:11:11]} {[%emt 00:04:32]} 34. Bxf5 {[%clk 00:44:01]} {[%emt 00:00:30]} gxf5
{[%clk 00:10:30]} {[%emt 00:01:11]} 35. Nb2 {[%clk 00:40:45]} {[%emt 00:03:46]}
f6 {[%clk 00:09:36]} {[%emt 00:01:24]} 36. exf6+ {[%clk 00:39:41]} {[%emt
00:01:34]} Kxf6 {[%clk 00:10:01]} {[%emt 00:00:05]} 37. Kf2 {[%clk 00:39:08]}
{[%emt 00:01:03]} Ke5 {[%clk 00:06:06]} {[%emt 00:04:25]} 38. Nd3+ {[%clk
00:38:24]} {[%emt 00:01:13]} Kd5 {[%clk 00:05:50]} {[%emt 00:00:46]} 39. Ke3
{[%clk 00:35:01]} {[%emt 00:03:53]} Nb3 {[%clk 00:02:14]} {[%emt 00:04:06]} 40.
Kf4 {[%clk 00:21:59]} {[%emt 00:13:33]} Kd4 {[%clk 00:00:56]} {[%emt 00:01:47]}
41. Ne5 {[%clk 00:20:49]} {[%emt 00:01:40]} c5 {[%clk 00:23:23]} {[%emt
00:08:04]} 42. bxc5 {[%clk 00:47:32]} {[%emt 00:03:47]} Nxc5 {[%clk 00:23:46]}
{[%emt 00:00:06]} 43. Nc6+ {[%clk 00:41:20]} {[%emt 00:06:42]} 1/2-1/2